| 000 | 00456nam a2200193Ia 4500 | ||
|---|---|---|---|
| 005 | 20240823021610.0 | ||
| 008 | 240823s9999||||xx |||||||||||||| ||und|| | ||
| 020 | _a81-297-1176-1 | ||
| 041 | _aENGLISH | ||
| 082 | _A621.8 P5 | ||
| 100 | _a"Myszka,David H" | ||
| 245 | 0 | _aMachines and Mechanisms | |
| 250 | _a3rd | ||
| 260 |
_c2005 _b"Pearson Education," |
||
| 500 | _aTRANSFERED | ||
| 650 |
_aMachine _bMechanical |
||
| 942 | _cBK | ||
| 999 |
_c177350 _d177350 |
||